| 000 | 00917nam a22002297a 4500 | ||
|---|---|---|---|
| 999 |
_c4474 _d4474 |
||
| 003 | AR-CdUCM | ||
| 008 | 190308b ||||| |||| 00| 0 spa d | ||
| 040 |
_aMUNICIPALIDAD PROVINCIAL DEL CUSCO _cBIBLIOTECA MUNICIPAL DEL CUSCO |
||
| 082 |
_a868.417 / _bB38 |
||
| 100 |
_aBenda, Julien _914055 |
||
| 245 | _aEl triunfo de la literatura pura o la Francia bizantina / | ||
| 260 |
_aBuenos Aires : _bArgos, _c1948. |
||
| 300 |
_a257 páginas ; _c20 cm. |
||
| 500 | _aDonación de la familia de Luis Nieto | ||
| 505 | _aConcepto: La literatura, tema filosófico -- Voluntad de cierta literatura actual de constituir una actividad especifica. Principales aspectos de esta voluntad -- Ensayo de una psicología original de literato... | ||
| 650 |
_aLiteratura francesa _9913 |
||
| 650 |
_aIntelectualismo _914056 |
||
| 650 |
_aDialéctica _95490 |
||
| 650 |
_aHegeliana _914057 |
||
| 942 |
_2ddc _cLIBROS |
||
| 945 | _adavv | ||